| 000 | 00740cam a2200169 4500 | ||
|---|---|---|---|
| 001 | WS110369 | ||
| 008 | 000000n 000 0 eng u | ||
| 035 | _a(Sirsi) u110369 | ||
| 041 | 0 | _aeng | |
| 110 | 2 |
_aMuseums, Libraries and Archives Council _95134 |
|
| 245 | 0 | 0 | _aMuseums Libraries and Archives Council |
| 520 | _aSite for this government body working for museums, archives and libraries in the UK offering expert and impartial advice on a range of topics including grant support, registration, security, conservation and tourism. | ||
| 651 | 4 |
_aEngland _y886- |
|
| 690 | _aMANAGEMENT-BUSINESS MANAGEMENT-INFORMATION MANAGEMENT | ||
| 856 | 4 | 0 |
_uhttps://www.mla.gov.uk _zView the website free of charge at www.mla.gov.uk... |
| 942 | _n0 | ||
| 999 |
_c119751 _d119751 |
||